Ochrana životního prostředí a zdraví

Salvato in:
Dettagli Bibliografici
Autore principale: Horký, Jaroslav (Autore)
Natura: Libro
Lingua:ceco
Pubblicazione: Praha : České vysoké učení technické v Praze, 1982
Edizione:1. vyd.
Tags: Aggiungi Tag
Nessun Tag, puoi essere il primo ad aggiungerne!!

MARC

LEADER 00000nam a22000003a 4500
001 stu11825
005 20150617225802.7
008 951002s1982----cs------------------cze-d
040 |a STU  |b slo 
041 0 |a cze 
044 |a cs 
080 |a 504(075.8)  |7 stu_us_auth*stu2820 
100 1 |a Horký, Jaroslav  |4 aut 
245 1 |a Ochrana životního prostředí a zdraví 
250 |a 1. vyd. 
260 |a Praha :  |b České vysoké učení technické v Praze,  |c 1982 
300 |a 209 s 
996 |b 284AS02414  |c A*870 S  |l AAKNST  |s P  |a 0  |w stu11825_0001